Plum Producing Countries Quiz Stats

 Plays Quiz Updated Sep 29, 2013

Support Sporcle.
Go Orange.
Score 0/20 Timer 05:00
5 Plays Today
Plum Production (Tonnes) Country % Correct
281,499United States
96.6%
5,850,000China
92.7%
176,759France
85.8%
70,677Mexico
85.6%
230,877Spain
83.9%
199,241India
83.6%
137,000Russia
83%
191,989Italy
82.6%
268,696Turkey
69.5%
147,586Argentina
69.3%
Plum Production (Tonnes) Country % Correct
293,205Chile
62.7%
91,772Poland
58.9%
288,205Iran
58.5%
134,700Ukraine
57.5%
573,596Romania
47.6%
103,245Austria
44.1%
581,874Serbia
34.2%
105,549Algeria
28.3%
157,504Bosnia and Herzegovina
23.6%
85,000Uzbekistan
16.9%

You're not logged in!

Compare scores with friends on all Sporcle quizzes.
OR
Log In

From the Vault

Click the Coral Sea Countries

by PrincessMartell

You'll never guess what lives in the Coral Sea.
Remove Ads.
Support Sporcle.
Get the best of Sporcle when you Go Orange. This ad-free experience offers more features, more stats, and more fun while also helping to support Sporcle. Thank you for becoming a member.

Show Comments

Extras

Top Quizzes Today


Score Distribution

Your Account Isn't Verified!

In order to create a playlist on Sporcle, you need to verify the email address you used during registration. Go to your Sporcle Settings to finish the process.

Report this User

Report this user for behavior that violates our Community Guidelines.

Details: